Las reformas borbn̤icas

Detalles Bibliográficos
Formato: eBook
Lenguaje:español
Publicado: Ciudad de Mx̌ico: Cm̀ara de Diputados, 2017
Materias:
Acceso en línea:Acceso restringido

MARC

LEADER 00000nam a22000007a 4500
005 20171010164154.0
007 cr|||| ||||
008 171010s2017 mx |||||s|||| 00||0 spa d
020 |a 978-84-15832-89-8 
035 |a 20663 
040 |a vLex 
090 |c 7116  |d 7116 
245 0 3 |a Las reformas borbn̤icas  |h [Recurso electrn̤ico] 
256 |a Servicio en ln̕ea 
260 |a Ciudad de Mx̌ico:  |b Cm̀ara de Diputados,  |c 2017 
300 |a 1 recurso electrn̤ico (65p.) 
506 1 |a Disponible solo en los productos indicados  |d vLex Global   |d vLex Global (Academic Edition, excluding Law Schools)  |d vLex Global (U.S. Academic Edition, Law Schools)  |d vLex Global (U.S. Academic Edition, excluding Law Schools)  |d vLex Global (Academic Edition, Law Schools) 
650 0 4 |a Ciencias sociales  |z Mx̌ico 
740 0 |a vLex Libros (Servicio en ln̕ea) 
856 4 0 |u http://vlex.com/source/reformas-borbonicas-20663/  |z Acceso restringido 
942 |c BOOK 
999 0 |a Social sciences